প্রাচীন ভারতীয় লিপিমালা/ (Record no. 18693)

MARC details
000 -LEADER
fixed length control field 01177nam a22002297a 4500
003 - CONTROL NUMBER IDENTIFIER
control field BDDh-ASL
005 - DATE AND TIME OF LATEST TRANSACTION
control field 20231015025725.0
008 - FIXED-LENGTH DATA ELEMENTS--GENERAL INFORMATION
fixed length control field 201021s1989 bg ||||| |||| 00| 0 ben d
040 ## - CATALOGING SOURCE
Original cataloging agency BDDh-ASL
Transcribing agency BDDh-ASL
Modifying agency BDDh-ASL
041 ## - LANGUAGE CODE
Language code of text/sound track or separate title ben
082 ## - DEWEY DECIMAL CLASSIFICATION NUMBER
Classification number 417
Item number GOP
100 ## - MAIN ENTRY--PERSONAL NAME
9 (RLIN) 1552
Personal name ওঝা, গৌরীশংকর হীরাচাঁদ
Titles and words associated with a name রায়বাহাদুর পন্ডিত
245 00 - TITLE STATEMENT
Title প্রাচীন ভারতীয় লিপিমালা/
Statement of responsibility, etc. রায়বাহাদুর পন্ডিত গৌরীশঙ্কর হীরাচাঁদ ওঝা; শ্রীমণীন্দ্র নাথ সমাজদার (সম্পা.)।
246 ## - VARYING FORM OF TITLE
Title proper/short title Pracheen Bharateeya Lipimala
260 ## - PUBLICATION, DISTRIBUTION, ETC.
Place of publication, distribution, etc. ঢাকা:
Name of publisher, distributor, etc. বাংলা একাডেমী,
Date of publication, distribution, etc. ১৯৮৯।
300 ## - PHYSICAL DESCRIPTION
Extent পৃ. ৫৬৬:
Dimensions ২২ সে.মি.।
504 ## - BIBLIOGRAPHY, ETC. NOTE
Bibliography, etc. note নির্ঘন্ট সংযুক্ত।
650 #0 - SUBJECT ADDED ENTRY--TOPICAL TERM
Topical term or geographic name entry element Language (ভাষা)
9 (RLIN) 1524
650 #0 - SUBJECT ADDED ENTRY--TOPICAL TERM
9 (RLIN) 1554
Topical term or geographic name entry element ভারতীয় লিপিমালা
700 ## - ADDED ENTRY--PERSONAL NAME
9 (RLIN) 1553
Personal name সমাজদার, শ্রীমণীন্দ্র নাথ
942 ## - ADDED ENTRY ELEMENTS (KOHA)
Source of classification or shelving scheme Dewey Decimal Classification
Koha item type Books
Holdings
Withdrawn status Lost status Source of classification or shelving scheme Damaged status Not for loan Collection code Home library Current library Shelving location Date acquired Source of acquisition Total Checkouts Full call number Barcode Date last seen Copy number Price effective from Koha item type
    Dewey Decimal Classification     Non-fiction Asiatic Society Library Asiatic Society Library General Stacks 10/21/2020 ASB Collection   417 GOP 101905 10/21/2020 C-1 10/21/2020 Books
    Dewey Decimal Classification     Non-fiction Asiatic Society Library Asiatic Society Library General Stacks 10/21/2020 ASB Collection   417 GOP 101906 10/21/2020 C-2 10/21/2020 Books
    Dewey Decimal Classification     Non-fiction Asiatic Society Library Asiatic Society Library General Stacks 10/21/2020 ASB Collection   417 GOP 101907 10/21/2020 C-3 10/21/2020 Books

Powered by Koha